=LDR 00000nam 2200000 4500 =001 INLIS000000000006304 =005 20220608035122 =035 ##$$a 0010-0622000165 =245 1#$$a Kulit, Karet, Dan Plastik /$c KEPALA BALAI BESAR KULIT, KARET DAN PLASTIK =110 #$$a BESAR, Kepala Balai =250 ##$$a Edisi Vol. 31, No. 2 Desember 2015 =300 ##$$a xii, 65-126 halaman : $b Tabel, Gambar ; $c 21x28,5 cm =260 ##$$a YOGYAKARTA :$b Balai Besar Kulit, Karet, dan Plastik,$c 2015 =082 ##$$a 050.29 =084 ##$$a 050.29 BES k =500 ##$$a Pegaruh suhu vulkanisasi terhadap sifat mekanis vulkanisat karet alam dan karet akrilonitril-butadiena. =990 ##$$a 46/MJ-16